1727 1246 1072 1748 1790 1521 1486 1362 1507 1225 1276 1050 1993 1315 1822 1733 1441 1969 1618 1782 1150 1915 1338 1485 1683 1951 1443 1141 1562 1378 1986 1931 1091 1941 1615 1116 1026 1402 1307 1210 1599 1949 1162 1477 1545 1107 1968 1958 1938 1767 1622 1318 1914 1013 1609 1211 1385 1249 1249 1271 1582 1325 1417 1608 1181 1907 1258 1451 1946 1393 1688 1761 1764 1621 1736 1808 1271 1868 1415 1041 1851 1400 1172 1280 1315 1671 1278 1076 1442 1055 1590 1496 1996 1548 1839 1007 1537 1798 1258 BCNSPRNW ULIB Ver.6.0+V

เปลี่ยนเป็นภาษาไทย

Change to English
 แสดงรายละเอียดบรรณานุกรม
  กลับหน้าหลัก

Brief Record : Get Marc (ISO 2709) : E-mail record : QR code < ปิดหน้าต่าง
LEADER : 00000nam 2200000uu 4500
001    13399111037
003     ULIB
008    110615s||||||||th 000 0 tha d
020    9789740524373
050 04 BF323.C5^bธ231ท 2551
100 0  ธนา วีกิจนุเคราะห์
245 10 ทัศนคติ ATTITUDE /^cธนา วีกิจนุเคราะห์
250    พิมพ์ครั้งที่ 1
260    กรุงเทพฯ :^bDดี,^c2551
300    112 หน้า :^bภาพประกอบ
650  7 ทัศนคติ
650  7 จิตวิทยาประยุกต์
650  7 การดำเนินชีวิต
945    ^p135^l0^i025150
995    ทศพร
999 ^a ใช้งานได้ทุกระบบ
รายการนี้ยังไม่มีแท็ก
คุณยังไม่ได้ล็อกอิน คุณสามารถมีกิจกรรมร่วมกับเว็บไซต์ได้ แต่ต้องล็อกอินก่อน ::
  ล็อกอิน

รายการสื่อสารสนเทศ

ลำดับที่ ประเภท เลขเรียก/บาร์โค้ด สถานที่ สถานะ
- ไม่พบข้อมูล -

รายการใกล้เคียง
    หัวเรื่อง [ทัศนคติ]
    หัวเรื่อง [จิตวิทยาประยุกต์]
    หัวเรื่อง [การดำเนินชีวิต]

BibComment


ยังไม่เคยถูกคอมเมนท์

คอมเมนท์ทรัพยากรรายการนี้
  คอมเมนท์: ทัศนคติ ATTITUDE ..


 Copyright 2026. Bcnsprnw @Library